[Event "44th Chess Olympiad Open 2022"]
[Site "Chennai"]
[Date "2022.07.30"]
[Round "2.13"]
[White "Kanyamarala, Tarun"]
[Black "Mousavi, Seyed Khalil"]
[Result "1/2-1/2"]
[WhiteElo "2379"]
[BlackElo "2537"]
[Annotator "TA"]
[PlyCount "101"]
[EventDate "2022.07.29"]
[EventType "team-tourn"]
[EventCountry "IND"]
[SourceTitle "playchess.com"]
[Source "ChessBase"]
[SourceQuality "1"]
[WhiteTeam "Ireland"]
[BlackTeam "Iran"]
[WhiteTeamCountry "IRL"]
[BlackTeamCountry "IRI"]

1. d4 Nf6 2. c4 e6 3. Nc3 Bb4 4. g3 O-O 5. Bg2 d5 6. Nf3 c5 7. cxd5 Nxd5 8. Bd2
Nxc3 9. bxc3 Ba5 10. O-O Nc6 11. Rb1 Bb6 12. e3 Qe7 13. Bc1 cxd4 14. cxd4 Rd8
15. Qb3 e5 16. Ba3 Qf6 17. dxe5 Nxe5 18. Nxe5 Qxe5 19. Bb2 Qa5 20. Bc3 Qg5 21.
h4 Qg6 22. Be5 Be6 23. Qb5 Rac8 24. Rbd1 Qc2 25. Rxd8+ Rxd8 26. Bxb7 Bc4 27.
Qb1 Qd2 28. Re1 Bxa2 29. Qa1 f6 30. Bc3 Qc2 31. Rc1 Qb3 32. Qb2 Rd1+ 33. Rxd1
Qxd1+ 34. Kh2 Bd5 35. Qa1 Qf3 36. Bxd5+ Qxd5 37. Qa4 Kf7 38. Bb4 h5 39. Kg1 Kg8
40. Qe8+ Kh7 41. Bf8 Bc5 42. Bxc5 Qxc5 43. Qe4+ g6 44. Qe6 Qf8 45. e4 Kg7 46.
f4 Qc5+ 47. Kg2 Qc2+ 48. Kh3 Qf2 49. Qe7+ Kg8 50. Qe8+ Kg7 51. Qe7+ 1/2-1/2

[Event "44th Chess Olympiad Open 2022"]
[Site "Chennai"]
[Date "2022.07.30"]
[Round "2.14"]
[White "Yakubboev, Nodirbek"]
[Black "Nielsen, Hogni Egilstoft"]
[Result "1-0"]
[WhiteElo "2620"]
[BlackElo "2414"]
[Annotator "TA"]
[PlyCount "43"]
[EventDate "2022.07.29"]
[EventType "team-tourn"]
[EventCountry "IND"]
[SourceTitle "playchess.com"]
[Source "ChessBase"]
[SourceQuality "1"]
[WhiteTeam "Uzbekistan"]
[BlackTeam "Faroe Islands"]
[WhiteTeamCountry "UZB"]
[BlackTeamCountry "FAI"]

1. Nf3 Nf6 2. c4 e6 3. Nc3 d5 4. d4 Be7 5. Bf4 a6 6. e3 Nbd7 7. c5 O-O 8. Bd3
Re8 9. O-O Nf8 10. h3 Ng6 11. Bh2 Bf8 12. b4 Bd7 13. a4 b6 14. Qc2 bxc5 15.
bxc5 Bc6 16. Bxg6 hxg6 17. Ne5 Bb7 18. c6 Bc8 19. a5 Bd6 20. Rfb1 Kf8 21. Na4
Ng8 22. Nb6 1-0

[Event "44th Chess Olympiad Open 2022"]
[Site "Chennai"]
[Date "2022.07.30"]
[Round "2.14"]
[White "Vakhidov, Jakhongir"]
[Black "Rodgaard, John"]
[Result "1-0"]
[WhiteElo "2564"]
[BlackElo "2324"]
[Annotator "TA"]
[PlyCount "144"]
[EventDate "2022.07.29"]
[EventType "team-tourn"]
[EventCountry "IND"]
[SourceTitle "playchess.com"]
[Source "ChessBase"]
[SourceQuality "1"]
[WhiteTeam "Uzbekistan"]
[BlackTeam "Faroe Islands"]
[WhiteTeamCountry "UZB"]
[BlackTeamCountry "FAI"]

1. c4 e6 2. Nc3 d5 3. d4 Nf6 4. cxd5 exd5 5. Bg5 c6 6. e3 h6 7. Bh4 Be7 8. Bd3
Ne4 9. Bxe7 Qxe7 10. Bxe4 dxe4 11. Qc2 Bf5 12. Nge2 O-O 13. O-O Nd7 14. Ng3 Bg6
15. Ngxe4 Rae8 16. f3 f5 17. Nf2 Qxe3 18. Qb3+ Rf7 19. Qxb7 Ne5 20. Qb3 Nd7 21.
Qb7 Ne5 22. Qb3 Qxd4 23. Rfe1 Ree7 24. Rad1 Qb6 25. Qxb6 axb6 26. Re2 Nd7 27.
Red2 Nf6 28. Rd6 Rc7 29. Na4 b5 30. Nc5 Rfe7 31. Nfd3 Bf7 32. Nb4 Re2 33. R6d2
Rxd2 34. Rxd2 Nd5 35. Nbd3 Re7 36. Kf2 Kf8 37. b3 g5 38. Rc2 Ne3 39. Rc1 Nd5
40. a4 Ra7 41. Ne5 Nb4 42. h4 Bd5 43. hxg5 hxg5 44. Ke3 Ke7 45. Ned3 f4+ 46.
Kd4 Nxd3 47. Kxd3 Kd6 48. a5 g4 49. b4 gxf3 50. gxf3 Re7 51. Kd4 Bxf3 52. Rf1
Re3 53. a6 Ra3 54. Rg1 Ra2 55. Rg7 Rd2+ 56. Kc3 Ra2 57. Rd7+ Ke5 58. Rd2 Ra1
59. Kb2 Rh1 60. a7 Rh8 61. Nd7+ Kf5 62. Nb6 c5 63. bxc5 Be4 64. Kc3 f3 65. Kb4
Bc6 66. Ra2 Ke4 67. a8=Q Bxa8 68. Nxa8 Ke3 69. Nb6 f2 70. Nd5+ Kf3 71. Ra3+ Ke4
72. Nc3+ Kf5 1-0

[Event "44th Chess Olympiad Open 2022"]
[Site "Chennai"]
[Date "2022.07.30"]
[Round "2.14"]
[White "Ziska, Helgi Dam"]
[Black "Abdusattorov, Nodirbek"]
[Result "0-1"]
[WhiteElo "2549"]
[BlackElo "2688"]
[Annotator "TA"]
[PlyCount "62"]
[EventDate "2022.07.29"]
[EventType "team-tourn"]
[EventCountry "IND"]
[SourceTitle "playchess.com"]
[Source "ChessBase"]
[SourceQuality "1"]
[WhiteTeam "Faroe Islands"]
[BlackTeam "Uzbekistan"]
[WhiteTeamCountry "FAI"]
[BlackTeamCountry "UZB"]

1. e4 c5 2. Nf3 Nc6 3. Bb5 e6 4. O-O Nge7 5. c3 a6 6. Ba4 b5 7. Bc2 Bb7 8. Re1
Rc8 9. a4 Ng6 10. Na3 b4 11. Nc4 Na5 12. Nxa5 Qxa5 13. d4 c4 14. Be3 b3 15. Bb1
Be7 16. Nd2 O-O 17. Qe2 Qc7 18. Qh5 f6 19. a5 Qc6 20. f4 Bd6 21. f5 exf5 22.
Qxf5 Rfe8 23. Qg4 Bb8 24. h4 Qc7 25. h5 f5 26. Qh3 Nf4 27. Qh4 fxe4 28. Nxe4
Nxg2 29. Kxg2 Bxe4+ 30. Bxe4 Rxe4 31. Qxe4 Qh2+ 0-1

[Event "44th Chess Olympiad Open 2022"]
[Site "Chennai"]
[Date "2022.07.30"]
[Round "2.14"]
[White "Egilstoft, Rogvi"]
[Black "Sindarov, Javokhir"]
[Result "0-1"]
[WhiteElo "2284"]
[BlackElo "2629"]
[Annotator "TA"]
[PlyCount "118"]
[EventDate "2022.07.29"]
[EventType "team-tourn"]
[EventCountry "IND"]
[SourceTitle "playchess.com"]
[Source "ChessBase"]
[SourceQuality "1"]
[WhiteTeam "Faroe Islands"]
[BlackTeam "Uzbekistan"]
[WhiteTeamCountry "FAI"]
[BlackTeamCountry "UZB"]

1. e4 e5 2. Bc4 Nf6 3. d4 exd4 4. Nf3 Nc6 5. e5 d5 6. Bb5 Ne4 7. Nxd4 Bd7 8.
Bxc6 bxc6 9. O-O Bc5 10. Be3 Bb6 11. f3 Ng5 12. f4 c5 13. fxg5 cxd4 14. Bxd4
Be6 15. Bxb6 axb6 16. Nc3 O-O 17. Qd2 d4 18. Ne2 c5 19. a3 Qd5 20. Qf4 Rad8 21.
h4 Rfe8 22. Ng3 Bc8 23. Rae1 c4 24. Ne4 d3 25. cxd3 cxd3 26. Nd6 Re7 27. Qc4
Qxc4 28. Nxc4 Be6 29. Nd2 Rc7 30. Rf2 Bg4 31. e6 fxe6 32. Nf3 Bxf3 33. gxf3 d2
34. Rd1 Rc1 35. Rff1 Rc2 36. b4 Kf7 37. Kf2 Ra2 38. Ke2 Kg6 39. f4 Kf5 40. Rf3
Rd4 41. h5 Re4+ 42. Re3 Rxe3+ 43. Kxe3 Rxa3+ 44. Kxd2 Kxf4 45. Kc2 Kxg5 46. Rd7
Kh6 47. Rb7 Ra8 48. Rxb6 Kxh5 49. Rxe6 Rb8 50. Re7 Kg6 51. Kc3 h5 52. Re1 h4
53. Rb1 Kh5 54. b5 h3 55. Kd3 Kh4 56. b6 h2 57. b7 Rxb7 58. Rxb7 h1=Q 59. Rxg7
Qd5+ 0-1

[Event "44th Chess Olympiad Open 2022"]
[Site "Chennai"]
[Date "2022.07.30"]
[Round "2.15"]
[White "Moussard, Jules"]
[Black "Stanojoski, Zvonko"]
[Result "1-0"]
[WhiteElo "2672"]
[BlackElo "2412"]
[Annotator "TA"]
[PlyCount "77"]
[EventDate "2022.07.29"]
[EventType "team-tourn"]
[EventCountry "IND"]
[SourceTitle "playchess.com"]
[Source "ChessBase"]
[SourceQuality "1"]
[WhiteTeam "France"]
[BlackTeam "Macedonia"]
[WhiteTeamCountry "FRA"]
[BlackTeamCountry "MKD"]

1. e4 c5 2. Nf3 d6 3. d4 cxd4 4. Nxd4 Nf6 5. Nc3 g6 6. Be3 Bg7 7. f3 Nc6 8. Qd2
O-O 9. O-O-O Nxd4 10. Bxd4 Be6 11. Kb1 Qc7 12. g4 Rfc8 13. h4 Qa5 14. a3 Rab8
15. Rh2 b5 16. Bxf6 Bxf6 17. Nd5 Qxd2 18. Nxf6+ Kg7 19. Ne8+ Rxe8 20. Rdxd2 b4
21. axb4 Rxb4 22. c3 Rb3 23. Rd4 Reb8 24. Kc1 h6 25. Ra4 R8b7 26. Ra5 Rc7 27.
Rd2 Rb6 28. Be2 Rbc6 29. Rd4 Rc5 30. Rda4 g5 31. hxg5 hxg5 32. Rxa7 Rc8 33. Ra8
Kf6 34. Kd2 Ke5 35. Rxc8 Rxc8 36. Ke3 Rc5 37. Ra7 Kf6 38. Kd4 Bb3 39. c4 1-0

[Event "44th Chess Olympiad Open 2022"]
[Site "Chennai"]
[Date "2022.07.30"]
[Round "2.15"]
[White "Cornette, Matthieu"]
[Black "Lazov, Toni"]
[Result "1-0"]
[WhiteElo "2551"]
[BlackElo "2374"]
[Annotator "TA"]
[PlyCount "75"]
[EventDate "2022.07.29"]
[EventType "team-tourn"]
[EventCountry "IND"]
[SourceTitle "playchess.com"]
[Source "ChessBase"]
[SourceQuality "1"]
[WhiteTeam "France"]
[BlackTeam "Macedonia"]
[WhiteTeamCountry "FRA"]
[BlackTeamCountry "MKD"]

1. d4 Nf6 2. c4 g6 3. Nc3 Bg7 4. e4 d6 5. Be2 O-O 6. h4 c5 7. d5 h5 8. Nf3 e6
9. Ng5 exd5 10. exd5 Re8 11. O-O Nbd7 12. Bf4 Ne5 13. f3 a6 14. a4 Bf5 15. Kh2
Qb6 16. b3 Re7 17. a5 Qc7 18. Qd2 Rae8 19. Kh1 Nfd7 20. Nge4 Bxe4 21. Nxe4 f5
22. Ng5 Nf8 23. Rab1 Nf7 24. Bd3 Be5 25. g4 Bxf4 26. Qxf4 Re3 27. Ne6 R3xe6 28.
dxe6 Ne5 29. Bxf5 gxf5 30. gxf5 Kh8 31. Rg1 Nh7 32. f6 Rxe6 33. Rg7 Qc6 34.
Rbg1 Ng4 35. Rxh7+ Kxh7 36. Qf5+ Kh6 37. Qg5+ Kh7 38. Qg7# 1-0

[Event "44th Chess Olympiad Open 2022"]
[Site "Chennai"]
[Date "2022.07.30"]
[Round "2.15"]
[White "Risteski, Emil"]
[Black "Fressinet, Laurent"]
[Result "0-1"]
[WhiteElo "2405"]
[BlackElo "2631"]
[Annotator "TA"]
[PlyCount "102"]
[EventDate "2022.07.29"]
[EventType "team-tourn"]
[EventCountry "IND"]
[SourceTitle "playchess.com"]
[Source "ChessBase"]
[SourceQuality "1"]
[WhiteTeam "Macedonia"]
[BlackTeam "France"]
[WhiteTeamCountry "MKD"]
[BlackTeamCountry "FRA"]

1. e4 e5 2. Nf3 Nc6 3. Bc4 Nf6 4. d3 Bc5 5. O-O d6 6. c3 a5 7. Re1 O-O 8. h3
Be6 9. Bxe6 fxe6 10. Be3 Bxe3 11. Rxe3 d5 12. Nbd2 d4 13. cxd4 exd4 14. Re2 a4
15. a3 Nd7 16. Rc1 Qe7 17. Re1 Nc5 18. Qe2 Rf7 19. Rf1 Raf8 20. g3 b6 21. Ne1
g5 22. Ndf3 Qf6 23. Rc2 Kh8 24. Kg2 Qg7 25. h4 gxh4 26. Nxh4 Ne5 27. Kh3 Rg8
28. Rg1 Rf4 29. Rg2 Rg4 30. Rd2 Qh6 31. f4 Rxh4+ 32. gxh4 Ng6 33. Rxg6 Qxg6 34.
Qf2 Nb3 35. Re2 Qg4+ 36. Kh2 c5 37. f5 e5 38. Nf3 Qf4+ 39. Kh3 Qg4+ 40. Kh2
Qf4+ 41. Kh3 h6 42. Rc2 c4 43. Nxe5 Qxe5 44. Rxc4 Qg7 45. Rc6 Qg4+ 46. Kh2 Kh7
47. Rd6 Rg7 48. f6 Nd2 49. fxg7 Nf3+ 50. Qxf3 Qxf3 51. Rg6 Kg8 0-1

[Event "44th Chess Olympiad Open 2022"]
[Site "Chennai"]
[Date "2022.07.30"]
[Round "2.16"]
[White "Sethuraman, S.P.."]
[Black "Ibarra Chami, Luis Fernando"]
[Result "1/2-1/2"]
[WhiteElo "2623"]
[BlackElo "2452"]
[Annotator "TA"]
[PlyCount "158"]
[EventDate "2022.07.29"]
[EventType "team-tourn"]
[EventCountry "IND"]
[SourceTitle "playchess.com"]
[Source "ChessBase"]
[SourceQuality "1"]
[WhiteTeam "India"]
[BlackTeam "Mexico"]
[WhiteTeamCountry "IND"]
[BlackTeamCountry "MEX"]

1. e4 c5 2. Nf3 Nc6 3. Bb5 g6 4. O-O Bg7 5. c3 e5 6. d4 cxd4 7. cxd4 exd4 8.
Bf4 a6 9. Bc4 d6 10. Qb3 Na5 11. Bxf7+ Ke7 12. Qd5 Nf6 13. Bg5 Rf8 14. e5 dxe5
15. Qxd8+ Rxd8 16. Nxe5 Nc6 17. Nxc6+ bxc6 18. Bc4 Bf5 19. Nd2 h6 20. Bh4 Kf8
21. Rac1 a5 22. Rfe1 Re8 23. h3 Ne4 24. Nxe4 Bxe4 25. Red1 Bd5 26. Bd3 Kf7 27.
Bg3 Bf8 28. Bc4 Bxc4 29. Rxc4 c5 30. Ra4 Ke6 31. Bf4 Kd5 32. Bd2 g5 33. Kf1 Bd6
34. b3 Ra7 35. Re1 Rc8 36. Ke2 Rf8 37. Rf1 Bg3 38. Kd3 Bf4 39. Be1 h5 40. Kc2
Re8 41. g3 Bc7 42. Bd2 Rf8 43. g4 Bd8 44. gxh5 Rf3 45. h6 Rxh3 46. Rg1 Rxh6 47.
Bxg5 Rg6 48. f4 Rf7 49. Rc1 Bxg5 50. fxg5 Ra7 51. Rg1 Ke4 52. Rc4 Kd5 53. Ra4
Ke4 54. Kb2 Kd5 55. Rg2 Kc6 56. Rc4 Rd7 57. Rc1 Rd5 58. Rcg1 a4 59. Kc2 Rf5 60.
Rg3 Rf2+ 61. Kb1 a3 62. R3g2 Rf5 63. Kc2 Kd5 64. Kd3 Rf3+ 65. Ke2 Rh3 66. Kd2
Re3 67. Rf1 Re5 68. Rfg1 Rf5 69. Kd3 Rf3+ 70. Ke2 Rc3 71. Kd2 c4 72. bxc4+ Kxc4
73. Rc1 Rxc1 74. Kxc1 Kc3 75. Rc2+ Kd3 76. Rg2 Ke3 77. Kd1 Kf3 78. Rg1 Kf4 79.
Kd2 Rxg5 1/2-1/2

[Event "44th Chess Olympiad Open 2022"]
[Site "Chennai"]
[Date "2022.07.30"]
[Round "2.16"]
[White "Karthikeyan, Murali"]
[Black "Capo Vidal, Uriel"]
[Result "1-0"]
[WhiteElo "2613"]
[BlackElo "2215"]
[Annotator "TA"]
[PlyCount "69"]
[EventDate "2022.07.29"]
[EventType "team-tourn"]
[EventCountry "IND"]
[SourceTitle "playchess.com"]
[Source "ChessBase"]
[SourceQuality "1"]
[WhiteTeam "India"]
[BlackTeam "Mexico"]
[WhiteTeamCountry "IND"]
[BlackTeamCountry "MEX"]

1. e4 c5 2. Nf3 Nc6 3. d4 cxd4 4. Nxd4 Nf6 5. Nc3 e5 6. Ndb5 d6 7. Bg5 a6 8.
Na3 b5 9. Nd5 Be7 10. Bxf6 Bxf6 11. c3 O-O 12. Nc2 Rb8 13. h4 Be6 14. Nce3 b4
15. Bxa6 bxc3 16. bxc3 Qa5 17. Bc4 Ne7 18. Nxf6+ gxf6 19. O-O Qc5 20. Bb3 f5
21. Qh5 f4 22. Qg5+ Kh8 23. Qf6+ Kg8 24. h5 h6 25. Bxe6 fxe3 26. Bb3 Rb7 27.
Qxh6 d5 28. fxe3 Rb6 29. Rf6 Rxf6 30. Qxf6 Kh7 31. exd5 Qxe3+ 32. Kh1 Rg8 33.
Bc2+ e4 34. Qxe7 Rg4 35. Rf1 1-0

[Event "44th Chess Olympiad Open 2022"]
[Site "Chennai"]
[Date "2022.07.30"]
[Round "2.16"]
[White "Hernandez Guerrero, Gilberto"]
[Black "Ganguly, Surya Shekhar"]
[Result "1/2-1/2"]
[WhiteElo "2560"]
[BlackElo "2608"]
[Annotator "TA"]
[PlyCount "121"]
[EventDate "2022.07.29"]
[EventType "team-tourn"]
[EventCountry "IND"]
[SourceTitle "playchess.com"]
[Source "ChessBase"]
[SourceQuality "1"]
[WhiteTeam "Mexico"]
[BlackTeam "India"]
[WhiteTeamCountry "MEX"]
[BlackTeamCountry "IND"]

1. e4 e6 2. d4 d5 3. Nc3 Nf6 4. Bg5 dxe4 5. Nxe4 Be7 6. Bxf6 gxf6 7. Bc4 f5 8.
Ng3 Qd6 9. c3 Nd7 10. Nf3 h5 11. Qe2 Qf4 12. Nf1 a6 13. g3 Qh6 14. N1d2 b5 15.
Bd3 Bb7 16. O-O-O c5 17. Rhe1 O-O 18. Kb1 Rfe8 19. dxc5 Nxc5 20. Bc2 a5 21. Ne5
b4 22. cxb4 axb4 23. Nb3 Bd5 24. f4 Ne4 25. Nd7 Rad8 26. Nb6 Bf6 27. Nxd5 exd5
28. Qb5 Bg7 29. Bxe4 Qf6 30. Re2 dxe4 31. Rxd8 Rxd8 32. Qxb4 Qa6 33. Nc1 Rd1
34. Rd2 Qf1 35. Rxd1 Qxd1 36. Qc5 Qd7 37. a4 Bd4 38. Qb5 Qxb5 39. axb5 Kf8 40.
Ne2 Bf2 41. Kc2 Ke7 42. Kc3 Kd6 43. Kc4 Be3 44. b3 Bf2 45. Nc3 Bg1 46. Ne2 Be3
47. Nc3 Bg1 48. h3 Bf2 49. g4 hxg4 50. hxg4 Ke6 51. gxf5+ Kxf5 52. Kd5 Kxf4 53.
Nxe4 Ba7 54. Nd6 f6 55. Ke6 Ke3 56. Nc8 Bb8 57. Ne7 Kd4 58. b6 Kc5 59. Nd5 f5
60. b4+ Kc6 61. Kxf5 1/2-1/2

[Event "44th Chess Olympiad Open 2022"]
[Site "Chennai"]
[Date "2022.07.30"]
[Round "2.17"]
[White "Saric, Ivan"]
[Black "Petkov, Momchil"]
[Result "1/2-1/2"]
[WhiteElo "2680"]
[BlackElo "2510"]
[Annotator "TA"]
[PlyCount "112"]
[EventDate "2022.07.29"]
[EventType "team-tourn"]
[EventCountry "IND"]
[SourceTitle "playchess.com"]
[Source "ChessBase"]
[SourceQuality "1"]
[WhiteTeam "Croatia"]
[BlackTeam "Bulgaria"]
[WhiteTeamCountry "CRO"]
[BlackTeamCountry "BUL"]

1. e4 c5 2. Nf3 d6 3. Bb5+ Nd7 4. a4 Ngf6 5. Nc3 g6 6. O-O Bg7 7. Re1 O-O 8. d4
cxd4 9. Nxd4 Nc5 10. Bf1 Bd7 11. f3 Nh5 12. a5 Ne6 13. Nxe6 fxe6 14. Be3 b5 15.
Bxb5 Bxb5 16. Nxb5 Bxb2 17. Rb1 Be5 18. a6 Qc8 19. c3 Nf4 20. g3 Nh5 21. f4 Bg7
22. Qb3 Kh8 23. Rf1 Nf6 24. Nd4 Ng4 25. Bd2 Qxa6 26. Qb5 Bxd4+ 27. cxd4 Qxb5
28. Rxb5 Rfc8 29. f5 gxf5 30. exf5 Rc2 31. Bg5 Nxh2 32. Rf2 Rxf2 33. Kxf2 exf5
34. Bxe7 a5 35. Rxf5 Kg8 36. Bxd6 Ng4+ 37. Kf3 Nh6 38. Rg5+ Kf7 39. Ba3 a4 40.
Kf4 Rg8 41. Rd5 Rg4+ 42. Kf3 Rg6 43. Ra5 Rf6+ 44. Ke4 Re6+ 45. Kd5 Nf5 46. Rxa4
h5 47. Ra7+ Kf6 48. Ra8 Re3 49. Rf8+ Kg6 50. Bc1 Rd3 51. Rg8+ Kf7 52. Rg5 Kf6
53. Rxh5 Rxd4+ 54. Kc5 Rg4 55. Bf4 Nxg3 56. Bxg3 Rxg3 1/2-1/2

[Event "44th Chess Olympiad Open 2022"]
[Site "Chennai"]
[Date "2022.07.30"]
[Round "2.17"]
[White "Kozul, Zdenko"]
[Black "Yordanov, Lachezar"]
[Result "0-1"]
[WhiteElo "2602"]
[BlackElo "2316"]
[Annotator "TA"]
[PlyCount "43"]
[EventDate "2022.07.29"]
[EventType "team-tourn"]
[EventCountry "IND"]
[SourceTitle "playchess.com"]
[Source "ChessBase"]
[SourceQuality "1"]
[WhiteTeam "Croatia"]
[BlackTeam "Bulgaria"]
[WhiteTeamCountry "CRO"]
[BlackTeamCountry "BUL"]

1. Nf3 Nf6 2. g3 d5 3. Bg2 e6 4. O-O Be7 5. d4 O-O 6. c4 c6 7. Nc3 a5 8. b3 b6
9. Qd3 Ba6 10. e4 b5 11. Ne5 bxc4 12. bxc4 Nfd7 13. exd5 exd5 14. Rd1 Nxe5 15.
dxe5 Bxc4 16. Qf5 Qe8 17. Rd4 Ba6 18. Qh5 Nd7 19. Bd2 f6 20. Qxe8 Rd8 21. Qxf8+
Rxf8 22. exf6 0-1

[Event "44th Chess Olympiad Open 2022"]
[Site "Chennai"]
[Date "2022.07.30"]
[Round "2.17"]
[White "Stoyanov, Tsvetan"]
[Black "Brkic, Ante"]
[Result "1-0"]
[WhiteElo "2450"]
[BlackElo "2611"]
[Annotator "TA"]
[PlyCount "99"]
[EventDate "2022.07.29"]
[EventType "team-tourn"]
[EventCountry "IND"]
[SourceTitle "playchess.com"]
[Source "ChessBase"]
[SourceQuality "1"]
[WhiteTeam "Bulgaria"]
[BlackTeam "Croatia"]
[WhiteTeamCountry "BUL"]
[BlackTeamCountry "CRO"]

1. e4 c5 2. Nf3 d6 3. d4 cxd4 4. Nxd4 Nf6 5. Nc3 a6 6. Be3 e5 7. Nf3 Be7 8. Bc4
Be6 9. Bxe6 fxe6 10. Ng5 Qd7 11. Qf3 d5 12. exd5 exd5 13. O-O-O d4 14. Nce4 Nc6
15. Bd2 O-O 16. Nxf6+ Bxf6 17. Ne4 Be7 18. Qb3+ Kh8 19. h4 a5 20. Ng5 Qf5 21.
g4 Qxg4 22. Nf7+ Rxf7 23. Qxf7 Rf8 24. Qb3 e4 25. Qxb7 Qe6 26. Qb3 Qd6 27. Rhe1
Rb8 28. Qc4 Ne5 29. Qa4 Qd5 30. Bf4 Bb4 31. Rg1 Rf8 32. Rg5 Rxf4 33. Qe8+ Bf8
34. Qxe5 Qf7 35. Kb1 h6 36. Rgg1 d3 37. cxd3 Rxf2 38. dxe4 a4 39. Qd5 Qf4 40.
Qd3 a3 41. bxa3 Qf6 42. Qd4 Qf4 43. Rd3 Qxh4 44. e5 Rf4 45. Qd5 Be7 46. Rdg3
Qh5 47. Qe6 Bf8 48. Rh3 Rh4 49. Rf1 Bc5 50. Rxh4 1-0

[Event "44th Chess Olympiad Open 2022"]
[Site "Chennai"]
[Date "2022.07.30"]
[Round "2.18"]
[White "Nguyen, Thai Dai Van"]
[Black "Reimanis, Ritvars"]
[Result "1-0"]
[WhiteElo "2629"]
[BlackElo "2377"]
[Annotator "TA"]
[PlyCount "93"]
[EventDate "2022.07.29"]
[EventType "team-tourn"]
[EventCountry "IND"]
[SourceTitle "playchess.com"]
[Source "ChessBase"]
[SourceQuality "1"]
[WhiteTeam "Czech Republic"]
[BlackTeam "Latvia"]
[WhiteTeamCountry "CZE"]
[BlackTeamCountry "LAT"]

1. c4 c5 2. Nf3 Nc6 3. Nc3 g6 4. e3 d6 5. d4 Bg4 6. Be2 Bg7 7. d5 Nb8 8. O-O
Nf6 9. e4 O-O 10. h3 Bxf3 11. Bxf3 Nbd7 12. Be2 Ne8 13. Be3 Rb8 14. Qd2 a6 15.
a4 e5 16. dxe6 fxe6 17. f4 Qe7 18. Rad1 Nb6 19. a5 Nc8 20. e5 dxe5 21. Ne4 Nf6
22. Nxf6+ Rxf6 23. Qd8+ Qxd8 24. Rxd8+ Rf8 25. Rxf8+ Bxf8 26. Bg4 e4 27. Bxe6+
Kg7 28. Rd1 Ne7 29. Bxc5 Kf6 30. Bd6 Ra8 31. Bd5 Nxd5 32. Rxd5 Bxd6 33. Rxd6+
Kf5 34. g3 e3 35. Kf1 h5 36. Rd4 g5 37. Ke2 gxf4 38. Rxf4+ Ke5 39. Rh4 Rg8 40.
Rxh5+ Kd4 41. Rh4+ Kc5 42. Rg4 Re8 43. h4 Kb4 44. h5 Kxa5 45. h6 Rh8 46. Rh4
Kb4 47. g4 1-0

[Event "44th Chess Olympiad Open 2022"]
[Site "Chennai"]
[Date "2022.07.30"]
[Round "2.18"]
[White "Kantans, Toms"]
[Black "Navara, David"]
[Result "0-1"]
[WhiteElo "2486"]
[BlackElo "2688"]
[Annotator "TA"]
[PlyCount "50"]
[EventDate "2022.07.29"]
[EventType "team-tourn"]
[EventCountry "IND"]
[SourceTitle "playchess.com"]
[Source "ChessBase"]
[SourceQuality "1"]
[WhiteTeam "Latvia"]
[BlackTeam "Czech Republic"]
[WhiteTeamCountry "LAT"]
[BlackTeamCountry "CZE"]

1. e4 c6 2. d4 d5 3. Nc3 dxe4 4. Nxe4 Nf6 5. Nxf6+ exf6 6. c3 Bd6 7. Bd3 O-O 8.
Qc2 Re8+ 9. Ne2 h5 10. O-O h4 11. Bf4 Na6 12. Rae1 Nc7 13. Qd2 h3 14. Ng3 hxg2
15. Rxe8+ Nxe8 16. Re1 Be6 17. Bc2 Qd7 18. h4 Bd5 19. Nf5 g6 20. Nxd6 Qh3 21.
f3 Qh1+ 22. Kf2 g1=B+ 23. Rxg1 Qxf3+ 24. Ke1 Nxd6 25. Qh2 Nc4 0-1

[Event "44th Chess Olympiad Open 2022"]
[Site "Chennai"]
[Date "2022.07.30"]
[Round "2.19"]
[White "Banusz, Tamas"]
[Black "Murshed, Niaz"]
[Result "1-0"]
[WhiteElo "2611"]
[BlackElo "2413"]
[Annotator "TA"]
[PlyCount "103"]
[EventDate "2022.07.29"]
[EventType "team-tourn"]
[EventCountry "IND"]
[SourceTitle "playchess.com"]
[Source "ChessBase"]
[SourceQuality "1"]
[WhiteTeam "Hungary"]
[BlackTeam "Bangladesh"]
[WhiteTeamCountry "HUN"]
[BlackTeamCountry "BAN"]

1. Nf3 d5 2. g3 Nf6 3. Bg2 Nc6 4. d4 Bf5 5. O-O e6 6. c4 Be7 7. Nc3 Ne4 8. Nd2
Nxd2 9. Bxd2 dxc4 10. e4 Bg6 11. d5 exd5 12. Nxd5 O-O 13. Bc3 f6 14. Qa4 Bf7
15. Rad1 Bd6 16. Qxc4 Ne5 17. Qe2 Bxd5 18. Rxd5 c6 19. Rd2 Qe7 20. f4 Nf7 21.
Rfd1 Rfd8 22. a3 Bc5+ 23. Kf1 Rxd2 24. Rxd2 Qe6 25. Bf3 Re8 26. Kg2 Nd6 27. e5
Nb5 28. Bg4 f5 29. Bxf5 Qxf5 30. Qc4+ Kh8 31. Qxc5 Qe4+ 32. Kf2 Qh1 33. h4 Qh2+
34. Kf3 Qh1+ 35. Ke2 Nc7 36. Qe3 Qg2+ 37. Kd1 Nd5 38. Qd3 Qg1+ 39. Kc2 Qc5 40.
Qd4 Qb6 41. Qxb6 axb6 42. h5 Kg8 43. Bd4 g6 44. hxg6 hxg6 45. Kd3 b5 46. Ke4
Nf6+ 47. Kf3 Nd5 48. Kg4 Rd8 49. Kg5 Kf7 50. Rh2 b6 51. Rh7+ Ke6 52. Rg7 1-0

[Event "44th Chess Olympiad Open 2022"]
[Site "Chennai"]
[Date "2022.07.30"]
[Round "2.19"]
[White "Zia, Tahsin Tajwar"]
[Black "Berkes, Ferenc"]
[Result "0-1"]
[WhiteElo "2307"]
[BlackElo "2649"]
[Annotator "TA"]
[PlyCount "50"]
[EventDate "2022.07.29"]
[EventType "team-tourn"]
[EventCountry "IND"]
[SourceTitle "playchess.com"]
[Source "ChessBase"]
[SourceQuality "1"]
[WhiteTeam "Bangladesh"]
[BlackTeam "Hungary"]
[WhiteTeamCountry "BAN"]
[BlackTeamCountry "HUN"]

1. d4 d5 2. c4 c6 3. Nf3 Nf6 4. g3 g6 5. Bg2 Bg7 6. O-O O-O 7. a4 a5 8. cxd5
Nxd5 9. e4 Nb4 10. Nc3 Bg4 11. Be3 e5 12. dxe5 Nd7 13. h3 Bxf3 14. Bxf3 Nxe5
15. Be2 Qc8 16. Kg2 Qe6 17. f4 Rad8 18. Qb1 Nc4 19. Bxc4 Qxc4 20. e5 Rd3 21.
Bf2 Rfd8 22. Re1 Rd2 23. Qe4 R8d4 24. e6 Rxe4 25. Rxe4 Qc5 0-1

[Event "44th Chess Olympiad Open 2022"]
[Site "Chennai"]
[Date "2022.07.30"]
[Round "2.20"]
[White "Jianu, Vlad-Cristian"]
[Black "Noboa Silva, Kevin"]
[Result "1-0"]
[WhiteElo "2511"]
[BlackElo "2304"]
[Annotator "TA"]
[PlyCount "89"]
[EventDate "2022.07.29"]
[EventType "team-tourn"]
[EventCountry "IND"]
[SourceTitle "playchess.com"]
[Source "ChessBase"]
[SourceQuality "1"]
[WhiteTeam "Romania"]
[BlackTeam "Ecuador"]
[WhiteTeamCountry "ROU"]
[BlackTeamCountry "ECU"]

1. d4 Nf6 2. Nf3 e6 3. c4 Bb4+ 4. Bd2 a5 5. a3 Bxd2+ 6. Qxd2 d6 7. Nc3 Qe7 8.
e3 e5 9. dxe5 dxe5 10. Nd5 Nxd5 11. cxd5 O-O 12. Qc3 Re8 13. Bc4 Bg4 14. Nd2 c6
15. O-O b5 16. Ba2 cxd5 17. Bxd5 Ra6 18. Rfc1 Rd6 19. e4 a4 20. Nf1 Bd7 21. Ne3
g6 22. Qc7 Kf8 23. g3 f5 24. exf5 gxf5 25. Bg2 Rc8 26. Qb7 Rd8 27. Rd1 Rd4 28.
Qb6 Be6 29. Qxb5 Qf6 30. Qb6 Kg7 31. Qc7+ Kg6 32. Rac1 Bb3 33. Re1 R4d7 34. Qc3
Rd4 35. Qc7 R4d7 36. Qa5 Rd4 37. Rc5 Nd7 38. Rc6 Be6 39. Nd5 Rxd5 40. Bxd5 Re8
41. Qxa4 Nf8 42. Rxe6 Rxe6 43. Bxe6 Nxe6 44. Qc6 e4 45. Rd1 1-0